Tous les buts de Cristiano Ronaldo - Statistiques

Statistiques générales
  • Ce quiz a été pris 287 fois
    37 depuis la dernière actualisation
  • Le résultat moyen est 59 sur 206
Statistiques - réponses
Réponse % Correct
France
100%
Arsenal
90%
Atlético Madrid
90%
Espagne
90%
FC Barcelone
90%
Inter Milan
90%
AC Milan
80%
Ajax
80%
Bayern Munich
80%
Belgique
80%
Dortmund
80%
FC Séville
80%
Juventus
80%
Manchester City
80%
Naples
80%
Olympique de Marseille
80%
Olympique Lyonnais
80%
Paris Saint-Germain
80%
Allemagne
70%
Argentine
70%
AS Rome
70%
Chelsea
70%
Dynamo Kiev
70%
Galatasaray
70%
Liverpool
70%
Manchester United
70%
Sporting CP
70%
Suède
70%
Tottenham
70%
Al-Ahli
60%
Aston Villa
60%
FC Porto
60%
Hongrie
60%
Irlande
60%
Lazio
60%
Malmö
60%
Maroc
60%
Pays-Bas
60%
Real Betis
60%
Serbie
60%
Valence
60%
Villarreal
60%
APOEL Nicosie
50%
Athletic Bilbao
50%
Bayer Leverkusen
50%
Croatie
50%
Danemark
50%
Écosse
50%
Finlande
50%
Girona
50%
Grenade
50%
Islande
50%
Luxembourg
50%
Malaga
50%
Newcastle
50%
Pays de Galles
50%
Russie
50%
Suisse
50%
West Ham
50%
Wolfsburg
50%
AJ Auxerre
40%
Cameroun
40%
Deportivo La Corogne
40%
Everton
40%
FC Bâle
40%
FC Zürich
40%
Fulham
40%
Irlande du Nord
40%
Pologne
40%
Real Sociedad
40%
Real Valladolid
40%
Torino
40%
Ukraine
40%
Almeria
30%
Corée du Nord
30%
Elche
30%
Espanyol Barcelone
30%
FC Copenhague
30%
Fiorentina
30%
Getafe
30%
Ghana
30%
Grèce
30%
Majorque
30%
Norwich City
30%
Osasuna
30%
Raja Casablanca
30%
Rayo Vallecano
30%
Sampdoria
30%
Slovaquie
30%
Sunderland
30%
Tchéquie
30%
Udinese
30%
Young Boys
30%
Al-Hilal
20%
Al-Ittihad
20%
Arabie saoudite
20%
Atalanta
20%
Azerbaïdjan
20%
Bologne
20%
Bosnie-Herzégovine
20%
Brentford
20%
Brighton
20%
Club America
20%
CSK Moscou
20%
Égypte
20%
Empoli
20%
Genoa
20%
Iran
20%
Israël
20%
Las Palmas
20%
Lecce
20%
Levante
20%
Lituanie
20%
Parme
20%
Qatar
20%
Saragosse
20%
Sassuolo
20%
Schalke 04
20%
Sheriff Tiraspol
20%
Southampton
20%
Sporting Gijon
20%
Al-Ain
10%
Alavés
10%
Al-Duhail
10%
Al-Shabab
10%
Andorre
10%
Blackburn
10%
Boavista
10%
Burnley
10%
Cagliari
10%
Celta Vigo
10%
Crotone
10%
Eibar
10%
Estonie
10%
FC Cordoba
10%
Ferencvaros
10%
Gamba Osaka
10%
Hellas Vérone
10%
Hércules de Alicante
10%
Kazakhstan
10%
Lettonie
10%
Ludogorets
10%
Monastir
10%
Portsmouth
10%
Santander
10%
Tenerife
10%
Watford
10%
West Bromwich
10%
Zamalek
10%
Abha
0%
Al-Adalh
0%
Al-Ettifaq
0%
Al-Fateh
0%
Al-Fayha
0%
Al-Gharafa
0%
Al-Hazem
0%
Al-Jazira
0%
Al-Khaleej
0%
Al-Kholood
0%
Al-Okhdood
0%
Al-Orobah
0%
Al-Qadsiah
0%
Al-Raed
0%
Al-Rayyan
0%
Al-Riyadh
0%
Al-Shorta
0%
Al-Taawon
0%
Al-Ta'ee
0%
Al-Wasl
0%
Al-Wehda
0%
Arménie
0%
Birmingham
0%
Bolton
0%
CD Estarreja
0%
Charlton
0%
Chypre
0%
Damac
0%
Debreceni VSC
0%
Derby County
0%
Équateur
0%
Exeter City
0%
FC Esteghlal
0%
Frosinone
0%
Grêmio
0%
Hull City
0%
Îles Féroé
0%
Istiqlol
0%
Kashima Antlers
0%
Liechtenstein
0%
Middlesbrough
0%
Millwall
0%
Moreirense
0%
Neom
0%
Nouvelle-Zélande
0%
Oliveira do Hospital
0%
Panama
0%
Reading
0%
Real Murcia
0%
SD Ponferradina
0%
Shakhtar Donetsk
0%
SPAL
0%
Spezia
0%
Stoke City
0%
Wigan
0%
Xerez CD
0%
Yokohama FM
0%
Aucun quiz correspondant
Distribution des résultats
% des personnes avec chaque résultat
Percentile par nombre de réponses
Votre historique - résultats
Vous n’avez pas pris ce quiz depuis la dernière actualisation